000
00292nam a22001217a 4500
020
_a
9966706925
050
_a
HG4621
_b
.K58 2006
100
_a
Kiunga Murori
245
_a
How to make Money in Stock Market
260
_a
Nairobi
_b
Queenex Media Services
_c
2006
300
_a
ii,86p.
942
_c
GEN
999
_c
2832
_d
2832